The fourth direction and other stories / (Record no. 160055)

MARC details
000 -LEADER
fixed length control field 00470nam a22001697a 4500
005 - DATE AND TIME OF LATEST TRANSACTION
control field 20190114130739.0
010 ## - LCCN (DPL NO)
LC control number B-160718
020 ## - INTERNATIONAL STANDARD BOOK NUMBER
International Standard Book Number 8126019573
Terms of availability 75.00
035 ## - SYSTEM CONTROL NUMBER
System control number B-160718
037 ## - SOURCE OF ACQUISITION
Source of stock number/acquisition Sahitya Akademi
082 ## - DEWEY DECIMAL CLASSIFICATION NUMBER
Classification number S
100 ## - MAIN ENTRY--PERSONAL NAME
Personal name Sandhu, Waryam Singh
245 ## - TITLE STATEMENT
Title The fourth direction and other stories /
Statement of responsibility, etc Waryam Singh Sandhu
260 ## - PUBLICATION, DISTRIBUTION, ETC. (IMPRINT)
Place of publication, distribution, etc New Delhi
Name of publisher, distributor, etc Sahitya Akademi
Date of publication, distribution, etc 2005
300 ## - PHYSICAL DESCRIPTION
Extent 156p.(it include index)
Dimensions 22cm(pbk)
942 ## - ADDED ENTRY ELEMENTS (KOHA)
Source of classification or shelving scheme Dewey Decimal Classification
Item type English Books
Classification part S
Call number suffix SAN
Holdings
Withdrawn status Lost status Not for loan Collection code Home library Current library Date acquired Full call number Barcode Koha item type
      Fiction Sarojini Nagar Sarojini Nagar 14/01/2019 S SAN B-160718 English Books
      Fiction Sarojini Nagar Sarojini Nagar 22/01/2019 S SAN B-160704 English Books
      Fiction Sarojini Nagar Sarojini Nagar 24/01/2019 S SAN B-160716 English Books
      Fiction Sarojini Nagar Sarojini Nagar 14/09/2019 S SAN B-160717 English Books

© Delhi Public Library
Hit Counter
free hit counter